Controlled Reproduction of Wild Eurasian Perch A hatchery manual /

The work summarizes the current knowledge regarding the controlled reproduction of an emerging aquaculture species, the Eurasian perch (Perca fluviatilis). In great detail it describes and explains the principal of most of the controlled reproductive protocol leading to obtain high quality larvae. T...

Full description

Bibliographic Details
Main Authors: Żarski, Daniel (Author), Horváth, Ákos (Author), Bernáth, Gergely (Author), Krejszeff, Sławomir (Author), Radóczi, János (Author), Palińska-Żarska, Katarzyna (Author), Bokor, Zoltán (Author), Kupren, Krzysztof (Author), Urbányi, Béla (Author)
Corporate Author: SpringerLink (Online service)
Format: Electronic eBook
Language:English
Published: Cham : Springer International Publishing : Imprint: Springer, 2017.
Series:SpringerBriefs in Environmental Science,
Subjects:
Online Access:Full Text via HEAL-Link
LEADER 03616nam a22006975i 4500
001 978-3-319-49376-3
003 DE-He213
005 20161227092516.0
007 cr nn 008mamaa
008 161227s2017 gw | s |||| 0|eng d
020 |a 9783319493763  |9 978-3-319-49376-3 
024 7 |a 10.1007/978-3-319-49376-3  |2 doi 
040 |d GrThAP 
050 4 |a QH541.5.W3 
050 4 |a QH541.5.F7 
050 4 |a QH541.5.S3 
072 7 |a PSAF  |2 bicssc 
072 7 |a PSP  |2 bicssc 
072 7 |a SCI020000  |2 bisacsh 
072 7 |a SCI039000  |2 bisacsh 
082 0 4 |a 577.6  |2 23 
082 0 4 |a 577.7  |2 23 
100 1 |a Żarski, Daniel.  |e author. 
245 1 0 |a Controlled Reproduction of Wild Eurasian Perch  |h [electronic resource] :  |b A hatchery manual /  |c by Daniel Żarski, Ákos Horváth, Gergely Bernáth, Sławomir Krejszeff, János Radóczi, Katarzyna Palińska-Żarska, Zoltán Bokor, Krzysztof Kupren, Béla Urbányi. 
264 1 |a Cham :  |b Springer International Publishing :  |b Imprint: Springer,  |c 2017. 
300 |a IX, 102 p. 35 illus., 34 illus. in color.  |b online resource. 
336 |a text  |b txt  |2 rdacontent 
337 |a computer  |b c  |2 rdamedia 
338 |a online resource  |b cr  |2 rdacarrier 
347 |a text file  |b PDF  |2 rda 
490 1 |a SpringerBriefs in Environmental Science,  |x 2191-5547 
505 0 |a 1. Introduction -- 2. Harvest, transport of spawners, prophylaxis -- 3. Hatchery manipulation and broodstock selection -- 4. Determination of maturity stages of oocytes 5. Stimulation of ovulation and spermiation -- 6. Collection of gametes -- 7. Short- and long-term storage of gametes -- 8. Evaluation of gamete quality -- 9. In vitro fertilization 10. Incubation and hatching -- 11. Advanced spawning (out-of the season spawning) -- Appendix 1 -- Appendix 2. 
520 |a The work summarizes the current knowledge regarding the controlled reproduction of an emerging aquaculture species, the Eurasian perch (Perca fluviatilis). In great detail it describes and explains the principal of most of the controlled reproductive protocol leading to obtain high quality larvae. The book is primarily intended to be used as a hatchery manual by practicing aquaculturists and laboratory technicians working with this species. On the other hand, it also summarizes the scientific background of the methods applied, therefore, it can serve as a reference for the state-of-the-art in the controlled reproduction of Eurasian perch and other freshwater percid species. . 
650 0 |a Life sciences. 
650 0 |a Embryology. 
650 0 |a Animal ecology. 
650 0 |a Aquatic ecology. 
650 0 |a Animal physiology. 
650 0 |a Wildlife. 
650 0 |a Fish. 
650 1 4 |a Life Sciences. 
650 2 4 |a Freshwater & Marine Ecology. 
650 2 4 |a Fish & Wildlife Biology & Management. 
650 2 4 |a Animal Ecology. 
650 2 4 |a Embryology. 
650 2 4 |a Animal Physiology. 
700 1 |a Horváth, Ákos.  |e author. 
700 1 |a Bernáth, Gergely.  |e author. 
700 1 |a Krejszeff, Sławomir.  |e author. 
700 1 |a Radóczi, János.  |e author. 
700 1 |a Palińska-Żarska, Katarzyna.  |e author. 
700 1 |a Bokor, Zoltán.  |e author. 
700 1 |a Kupren, Krzysztof.  |e author. 
700 1 |a Urbányi, Béla.  |e author. 
710 2 |a SpringerLink (Online service) 
773 0 |t Springer eBooks 
776 0 8 |i Printed edition:  |z 9783319493756 
830 0 |a SpringerBriefs in Environmental Science,  |x 2191-5547 
856 4 0 |u http://dx.doi.org/10.1007/978-3-319-49376-3  |z Full Text via HEAL-Link 
912 |a ZDB-2-EES 
950 |a Earth and Environmental Science (Springer-11646)